000 00614nam a22001937a 4500
003 OSt
005 20260224052743.0
008 260224b |||||||| |||| 00| 0 eng d
020 _a978-1-59339-390-8 volume
040 _aDWCL-Main Lib
_cOC
082 _aGR. 612 B862 2008
110 _aENCYLOPAEDIA BRITANICA
_eCorporate Author
245 _aBritanica illustrated science library : human body 1 /
260 _aChicago :
_bEncyclopaedia Britanica,
_cc2008
300 _a101 p. :
_b ill. ( col. ) ;
_c27 cm.
504 _a1. Includes glossary and index.
650 _aHuman physiology
942 _2ddc
_cGR
_mGR.
_n0
999 _c8518
_d8518